Every Curse in Sea of Thieves! - Statistics

General Stats
  • This quiz has been taken 4 times
  • The average score is 5 of 13
Answer Stats
Answer % Correct
Ashen
100%
Skeleton
100%
Gold
75%
Order
75%
Sunken Sorrow
50%
Creeping Stone
25%
Ghost
25%
Gold Ghost
25%
Legendary
25%
Solid Stone
25%
Ill Omen
0%
Storm Strike
0%
Wild Seas
0%
No matching quizzes found
Score Distribution
Percent of People with Each Score
Percentile by Number Answered
Your Score History
You have not taken this quiz